书目信息 |
| 题名: |
装配式建筑构件吊装技术
|
|
| 作者: | 王颖佳 , 付盛忠 , 王靖 主编 | |
| 分册: | ||
| 出版信息: | 成都 西南交通大学出版社 2019.8 |
|
| 页数: | ||
| 开本: | 19cm | |
| 丛书名: | ||
| 单 册: | ||
| 中图分类: | TU758 | |
| 科图分类: | ||
| 主题词: | 建筑工程--装配式构件--建筑安装--高等学校--教材 | |
| 电子资源: | ||
| ISBN: | 978-7-5643-7113-5 | |
| 000 | 01224nam0 2200241 450 | |
| 001 | 2040414971 | |
| 005 | 20201107111343.51 | |
| 010 | @a978-7-5643-7113-5@dCNY32.00 | |
| 100 | @a20200523d2019 em y0chiy0110 ea | |
| 101 | 0 | @achi |
| 102 | @aCN@b510000 | |
| 105 | @af z 000zy | |
| 200 | 1 | @a装配式建筑构件吊装技术@9Zhuang Pei Shi Jian Zhu Gou Jian Diao Zhuang Ji Shu@f王颖佳,付盛忠,王靖主编 |
| 210 | @a成都@c西南交通大学出版社@d2019.8 | |
| 215 | @d19cm | |
| 330 | @a本书为教材。本书围绕装配式建筑三种基本类型(预制混凝土结构、钢结构、集装箱式预制结构)的构件吊装施工技术进行讲解,内容包括装配式建筑常用吊装机具设备、常用吊装工艺、装配式建筑预制混凝土结构吊装施工技术、装配式建筑钢结构吊装施工技术、装配式建筑吊装技术方案的编制等内容,并配有相关实训,力图使学生或工程技术人员通过本书的学习能够对装配式建筑的吊装技术有一个基本的认知,熟悉装配式构件吊装常用的机具设备、吊装安全操作规程等。本书既可作为高校教材,也可供装配式建筑工程技术人员参考 | |
| 606 | 0 | @a建筑工程@x装配式构件@x建筑安装@x高等学校@j教材 |
| 690 | 0 | @aTU758@v5 |
| 701 | 0 | @a王颖佳@9Wang Ying Jia@4主编 |
| 701 | 0 | @a付盛忠@9Fu Sheng Zhong@4主编 |
| 701 | 0 | @a王靖@9Wang Jing@4主编 |
| 801 | 0 | @aCN@b(网众)采访数据@c20201012 |
| 905 | @aZUCC@dTU758@eW432 | |
| 装配式建筑构件吊装技术/王颖佳,付盛忠,王靖主编.-成都:西南交通大学出版社,2019.8 |
| 19cm |
| ISBN 978-7-5643-7113-5:CNY32.00 |
| 本书为教材。本书围绕装配式建筑三种基本类型(预制混凝土结构、钢结构、集装箱式预制结构)的构件吊装施工技术进行讲解,内容包括装配式建筑常用吊装机具设备、常用吊装工艺、装配式建筑预制混凝土结构吊装施工技术、装配式建筑钢结构吊装施工技术、装配式建筑吊装技术方案的编制等内容,并配有相关实训,力图使学生或工程技术人员通过本书的学习能够对装配式建筑的吊装技术有一个基本的认知,熟悉装配式构件吊装常用的机具设备、吊装安全操作规程等。本书既可作为高校教材,也可供装配式建筑工程技术人员参考 |
| ● |
| 相关链接 |
|
|
|
正题名:装配式建筑构件吊装技术
索取号:TU758/W432
 
预约/预借
| 序号 | 登录号 | 条形码 | 馆藏地/架位号 | 状态 | 备注 |
| 1 | 1485169 | 214851695 | 建筑库201/201建筑库 43排4列3层/ [索取号:TU758/W432] | 在馆 | |
| 2 | 1485170 | 214851702 | 建筑库201/201建筑库 43排4列3层/ [索取号:TU758/W432] | 在馆 |